Turecké obchodní taktiky
Turecké zvyklosti pri obchodnom rokovaní. Angličtina ako rokovací jazyk. Výrok "čas sú peniaze" v Turecku neplatí. Cena je dôležitejšia než kvalita. Problém úhrady tovaru. Obchodná etiketa. Tipy a triky pri obchodnom rokovaní s Turkami.
Salvato in:
| Autore principale: | |
|---|---|
| Natura: | Capitolo di libro |
| Lingua: | ceco |
| Soggetti: | |
| Tags: |
Nessun Tag, puoi essere il primo ad aggiungerne!!
|
MARC
| LEADER | 00000naa$a2200000$$$4500 | ||
|---|---|---|---|
| 001 | 0050392 | ||
| 005 | 20231016105223.6 | ||
| 041 | 0 | |a cze | |
| 044 | |a CZ | ||
| 245 | 1 | 0 | |a Turecké obchodní taktiky |c Soňa Gullová |
| 520 | |a Turecké zvyklosti pri obchodnom rokovaní. Angličtina ako rokovací jazyk. Výrok "čas sú peniaze" v Turecku neplatí. Cena je dôležitejšia než kvalita. Problém úhrady tovaru. Obchodná etiketa. Tipy a triky pri obchodnom rokovaní s Turkami. | ||
| 610 | 2 | 0 | |a obchod zahraničný |
| 610 | 2 | 0 | |a podnikanie |
| 610 | 2 | 0 | |a podnikatelia |
| 610 | 2 | 0 | |a zvyklosti obchodné |
| 610 | 2 | 0 | |a národ |
| 610 | 2 | 0 | |a kultúra |
| 610 | 2 | 0 | |a etiketa |
| 610 | 2 | 0 | |a Turecko |
| 100 | 1 | |a Gullová, Soňa | |